[Event "GER-chT U14 Girls"]
[Site "Magdeburg"]
[Date "2013.12.27"]
[Round "1.4"]
[White "Schwaerzler, Helena Alica Nomi"]
[Black "Belusa, Laura Sophie"]
[Result "0-1"]
[WhiteElo "800"]
[BlackElo "1134"]
[PlyCount "106"]
[EventDate "2013.12.27"]
[EventType "team-swiss"]
[EventRounds "4"]
[EventCountry "GER"]
[SourceTitle "EXT 2015"]
[Source "ChessBase"]
[SourceDate "2014.11.20"]
[SourceVersion "1"]
[SourceVersionDate "2014.11.20"]
[SourceQuality "1"]
[WhiteTeam "Bebenhausen"]
[BlackTeam "Chemnitz"]
[WhiteTeamCountry "GER"]
[BlackTeamCountry "GER"]

1. e4 e5 2. Nf3 Nc6 3. Bc4 Bc5 4. d3 d6 5. 0-0 Be6 6. Bg5 Nf6 7. Nc3 h6 8. Bxe6 fxe6 9. Bh4 g5 10. Bg3 Qd7 11. Qd2 0-0-0 12. Rae1 a6 13. Na4 Nd4 14. Nxd4 Bxd4 15. Qb4 Qb5 16. c3 Qxb4 17. cxb4 b5 18. Nc3 d5 19. a4 c6 20. Rc1 Kb7 21. Ne2 Bxb2 22. Rc2 Bd4 23. Nxd4 exd4 24. Be5 Rhf8 25. Bxd4 dxe4 26. Bc5 exd3 27. Rd2 Ne4 28. Be7 Nxd2 29. Rd1 Nc4 30. Bxf8 Rxf8 31. Rxd3 Kb6 32. a5+ Nxa5 33. bxa5+ Kxa5 34. Ra3+ Kb6 35. Rh3 Rf6 36. Rd3 b4 37. Rd8 Rf7 38. Rh8 b3 39. Rb8+ Rb7 40. Rd8 b2 41. Rd1 Kc5 42. Re1 b1Q 43. Rf1 a5 44. h3 Qxf1+ 45. Kxf1 Rb2 46. g3 a4 47. h4 g4 48. Kg2 a3 49. Kf1 a2 50. Kg2 a1Q 51. h5 Rb1 52. Kh2 Rh1+ 53. Kg2 Qg1# 0-1

[Event "GER-chT U14 Girls"]
[Site "Magdeburg"]
[Date "2013.12.27"]
[Round "2.4"]
[White "Weibert, Laura"]
[Black "Schwaerzler, Helena Alica Nomi"]
[Result "0-1"]
[WhiteElo "800"]
[BlackElo "800"]
[PlyCount "60"]
[EventDate "2013.12.27"]
[EventType "team-swiss"]
[EventRounds "4"]
[EventCountry "GER"]
[SourceTitle "EXT 2015"]
[Source "ChessBase"]
[SourceDate "2014.11.20"]
[SourceVersion "1"]
[SourceVersionDate "2014.11.20"]
[SourceQuality "1"]
[WhiteTeam "Koeln Porz"]
[BlackTeam "Bebenhausen"]
[WhiteTeamCountry "GER"]
[BlackTeamCountry "GER"]

1. d4 d5 2. Nc3 Nf6 3. Nf3 Nc6 4. e3 Bf5 5. Nh4 Bg6 6. Bd2 e6 7. Nb5 Ne4 8. Bc3 Qxh4 9. g3 Qf6 10. f3 Nxc3 11. Nxc3 Bb4 12. a3 Bxc3+ 13. bxc3 Bxc2 14. Qxc2 Qxf3 15. Rg1 Qxe3+ 16. Qe2 Qxc3+ 17. Qd2 Qxa1+ 18. Ke2 Nxd4+ 19. Kf2 Nb3 20. Qb4 Qa2+ 21. Be2 a5 22. Qxb7 0-0 23. Qxc7 Rfc8 24. Qf4 Qxa3 25. Bd3 Qb2+ 26. Ke3 Qd2+ 27. Kf3 Qxd3+ 28. Qe3 Nd4+ 29. Kf2 Rc2+ 30. Qe2 Qxe2# 0-1